Sociálne trendy slovenského vidieka

Nové trendy, ktoré sa objavujú na slovenskom vidieku. Vysoká nezamestnanosť. Nezamestnaní sa orientujú na samozásobenie a činnosti spojené s tieňovou ekonomikou. Zvyšovanie významu sezónnej práce v poľnohospodárstve.

Gespeichert in:
Bibliographische Detailangaben
1. Verfasser: Buchta, Stanislav
Format: Buchkapitel
Sprache:Slowakisch
Schlagworte:
Tags: Tag hinzufügen
Keine Tags, Fügen Sie das erste Tag hinzu!

MARC

LEADER 00000naa a2200000 4500
001 r034754
005 20230922111233.4
041 0 |a slo 
044 |a CZ 
245 1 0 |a Sociálne trendy slovenského vidieka  |c S. Buchta 
520 |a Nové trendy, ktoré sa objavujú na slovenskom vidieku. Vysoká nezamestnanosť. Nezamestnaní sa orientujú na samozásobenie a činnosti spojené s tieňovou ekonomikou. Zvyšovanie významu sezónnej práce v poľnohospodárstve. 
610 2 0 |a vidiek 
610 2 0 |a poľnohospodárstvo 
610 2 0 |a nezamestnanosť 
610 2 0 |a politika regionálna 
610 2 0 |a ekonomika tieňová 
610 2 0 |a Slovensko 
610 2 0 |a sezónnosť 
610 2 0 |a trh práce 
100 1 |a Buchta, Stanislav